Applied Therapeutics the Clinical Use of Drugs (Record no. 8626)

MARC details
000 -LEADER
fixed length control field 00464nam a22001577a 4500
003 - CONTROL NUMBER IDENTIFIER
control field OSt
008 - FIXED-LENGTH DATA ELEMENTS--GENERAL INFORMATION
fixed length control field 200320b ||||| |||| 00| 0 eng d
020 ## - INTERNATIONAL STANDARD BOOK NUMBER
International Standard Book Number 9781496353795
100 ## - MAIN ENTRY--PERSONAL NAME
Personal name Zeind, Caroline S.
245 ## - TITLE STATEMENT
Title Applied Therapeutics the Clinical Use of Drugs
250 ## - EDITION STATEMENT
Edition statement 11th (2018)
260 ## - PUBLICATION, DISTRIBUTION, ETC. (IMPRINT)
Place of publication, distribution, etc New Delhi
Name of publisher, distributor, etc Wolters Kluwer India Pvt. Ltd.
300 ## - PHYSICAL DESCRIPTION
Extent Paperback: 2374 pages, Dimensions: 28.5 x 7 x 22.6 cm
650 ## - SUBJECT ADDED ENTRY--TOPICAL TERM
Topical term or geographic name as entry element Clinical Pharmacy
942 ## - ADDED ENTRY ELEMENTS (KOHA)
Source of classification or shelving scheme Dewey Decimal Classification
Koha item type Text Books
Holdings
Withdrawn status Lost status Source of classification or shelving scheme Damaged status Not for loan Collection code Home library Current library Date acquired Source of acquisition Currency Cost, normal purchase price Bill Number Total Checkouts Full call number Acc. no. / Barcode Date last seen Actual Cost, discounted price Bill Date Koha item type
    Dewey Decimal Classification     B.Pharma PIET C-LIBRARY PIET C-LIBRARY 08/01/2020 Kirti Prakashan IN Rupees 16829.00 IN5984   615.58 ZEA BP476 20/03/2020 12621.95 08/01/2020 Reference Books

Design & Developed by: PIET Central Library
R70 Miles Stone Pattikalyana Samalkha Panipat 132102
mail ID :- [email protected], Phone No:- 0180-2569700 Ex.216